Doctrina social católica de León XIII y Pío XI / Alberto M. Artajo y Máximo Cuervo ; prólogo de Ángel Herrera
Descripción Física:
232 p., [3] làm. ; 18'5 cm
MARC
| LEADER | 00000nam a2200000Ia 4500 | ||
|---|---|---|---|
| 001 | 1022 | ||
| 008 | 160829s1933 xx 000 0 cat d | ||
| 080 | |a F-1-59 | ||
| 100 | |a Martín Artajo, Alberto | ||
| 245 | |a Doctrina social católica de León XIII y Pío XI / Alberto M. Artajo y Máximo Cuervo ; prólogo de Ángel Herrera | ||
| 260 | |a Barcelona : |b Ed. Labor, |c 1933 | ||
| 300 | |a 232 p., [3] làm. ; |c 18'5 cm | ||
| 490 | |a Colección labor : Biblioteca de iniciación cultural : Sección IX : Política ; 345 | ||
| 590 | |a Bibliografia p. 223-224 | ||
| 650 | |a Església Catòlica |x Doctrines |9 28391 | ||
| 650 | |a Sociologia cristiana |9 28392 | ||
| 650 | |a Catolicisme |9 28393 | ||
| 700 | |a Cuervo, Máximo |9 28394 | ||
| 700 | 1 | |a Herrera, Ángel |9 28395 | |
| 901 | |a Arxiu | ||
| 942 | |n 1 | ||
| 952 | |0 0 |1 0 |4 0 |6 F159 |7 1 |9 44802 |a Arxiu |b Arxiu |d 2016-12-01 |l 0 |o F-1-59 |p 1022 |r 2016-12-01 00:00:00 |w 2016-12-01 |y ARXIU | ||
| 999 | |c 47400 |d 47400 | ||